00559nam a2200181Ia 4500008004100000041000800041082001500049100003800064245002500102260003400127300001200161365000700173650002200180650002200202906002000224999001900244952011400263210719s1963 xx 000 0 und d aeng a324.9 BONP aBONE (Hugh A) and RANNEY (Austin) aPolitics and voters. aNYbMcGraw Hill Book Coc1963 a138bPB cRs aPolitical Process aPolitical Science aPolitics Voters c212735d212735 001040708Political ScienceaALbALd1996-05-09l0o324.9 BONPpD00835r2021-07-19 00:00:00w2021-07-19yDB